| 000 | 00583nam a2200193Ia 4500 | ||
|---|---|---|---|
| 003 | OSt | ||
| 005 | 20240703105918.0 | ||
| 008 | 210716s1993 xx 000 0 und d | ||
| 040 | _cAIMIT LIBRARY | ||
| 041 | _aeng | ||
| 082 |
_a005.1331 _21 _bSMIN |
||
| 100 |
_aSmith, Norman E. _9172393 |
||
| 245 |
_aProgramming output drivers using borland c++ / _cBy Norman E Smith. |
||
| 250 | _a1st ed. | ||
| 260 |
_aNew Delhi : _bBPB Publications , _c1993. |
||
| 300 |
_av,120p. _bPB _c21 cm. |
||
| 650 |
_aRunning the sample application _9172394 |
||
| 942 |
_2ddc _cBK _e1st ed. _k005.1331 SMIN |
||
| 999 |
_c182479 _d182479 |
||